=LDR 00000nam 2200000 4500 =001 INLIS000000000039038 =005 20200224071527 =035 ##$$a 0010-061300000039038 =008 200224################g##########0#ind## =041 ##$$a ind =082 ##$$a 115.25 =090 ##$$a 115.25, Sus o =100 ##$$a Susanta, Agustinus =245 1#$$a Outbound profesional : $b Pengertian, prinsip perancangan dan panduan pelaksanaan /$c Susanta, Agustinus =260 ##$$a Yogyakarta :$b Andi,$c 2010 =300 ##$$a X, 217 hlm : $b Ilus ; $c 14 x 21 =650 #4$$a Pengembangan pribadi =850 ##$$a NBPNMAT =020 ##$$a 978-979-29-1489-1 =084 ##$$a 115.25 SUS o =250 ##$$a Ed. 1 =990 ##$$a 21113248/Pb- 2011 =990 ##$$a 21113250/Pb- 2011 =990 ##$$a 21113249/Pb- 2011